zpět

Detail výsledku týmu

Koruna, Břeclav

Datum a čas kvízu

28 Celkem bodů Celkový počet nahraných bodů na tomto kvízu bez doplňovacích otázek.
7. Pořadí na kvízu Konečné umístění týmu na tomto kvízu.

Zaznamenané odpovědi

# Otázka Odpověď Body Výsledky
1. Praha plánuje přejmenovat námě... Boris Němcov 1
2. Když policejní oddělení v Seve... Sauron 0
3. Obvykle se naše aktuální událo... Ivan Král 1
4. Svět mobilních telefonů minulý... Blackberry 0
5. Lodivod české mužské basketbal... Ronen Ginzburg 0
6. Další díl naší cesty kolem svě... Washington, Wisconsin, Wyoming 0.5
7. Tento americký generál a indiá... George Custer, Sedící býk (Sitting Bull) 0.5
8. Fakt, že se ve Spojených státe... 1C 2D 3A 4B 0
9. Která řeka "vyřezala" do kraji... A 1
10. Ze Spojených států pochází nep... Katy Perry 0